Catálogo de la Biblioteca Horacio González - Universidad Nacional de General Sarmiento

Muerte de un ciclista (Registro nro. 54968)

Detalles MARC
000 -CABECERA
campo de control de longitud fija 01887ngm a22003130a 4500
001 - NÚMERO DE CONTROL
campo de control PT37411
003 - IDENTIFICADOR DEL NÚMERO DE CONTROL
campo de control AR-LpoUNG
005 - FECHA Y HORA DE LA ÚLTIMA TRANSACCIÓN
campo de control 20210202000510.0
007 - CAMPO FIJO DE DESCRIPCIÓN FÍSICA--INFORMACIÓN GENERAL
campo de control de longitud fija vd cvaizq
008 - DATOS DE LONGITUD FIJA--INFORMACIÓN GENERAL
campo de control de longitud fija 191001ss.f.||||ag |||||||||||||||||spa d
040 ## - FUENTE DE LA CATALOGACIÓN
Centro catalogador/agencia de origen AR-LpoUNG
Lengua de catalogación spa
Centro/agencia transcriptor AR-LpoUNG
Normas de descripción aacr
041 ## - CÓDIGO DE LENGUA
Código de lengua del texto/banda sonora o título independiente spa
044 ## - CÓDIGO DEL PAÍS DE LA ENTIDAD EDITORA/PRODUCTORA
Código MARC del país ag
082 0# - NÚMERO DE LA CLASIFICACIÓN DECIMAL DEWEY
Número de clasificación 302.54 245mue
100 1# - ENTRADA PRINCIPAL--NOMBRE DE PERSONA
Nombre de persona Bardem, Juan Antonio
Término indicativo de función/relación dir.
245 10 - MENCIÓN DE TÍTULO
Título Muerte de un ciclista
260 ## - PUBLICACIÓN, DISTRIBUCIÓN, ETC.
Lugar de publicación, distribución, etc. Buenos Aires :
Nombre del editor, distribuidor, etc. Epoca Video,
Fecha de publicación, distribución, etc. s.f..
300 ## - DESCRIPCIÓN FÍSICA
Extensión VHS (175 min.) : son., byn
505 0# - NOTA DE CONTENIDO CON FORMATO
Nota de contenido con formato La muerte de un ciclista: hecha en 1955. - Guión: Juan Antonio Bardem. - Música: Isidro B. Maiztegui. - Fotografía: Alfredo Fraile (B&W). - El verdugo: hecha en 1963. - Guión: Rafael Azcona, Luis García Berlanga, Ennio Flaiano - Música: Miguel Asins Arbó. - Fotografía: Tonino Delli Colli (B&W)
520 ## - SUMARIO, ETC.
Sumario, etc. La muerte de un cliclista: Un profesor de universidad y su amante, una mujer casada de la burguesía, atropellan accidentalemente a un ciclista. Temerorosos de que se descubra el adulterio, deciden ocultar el trágico accidente. - El verdugo: José Luis, empleado de una funeraria, proyecta emigrar a Alemania para convertirse en un buen mecánico. Su novia Carmen es hija de Amadeo, verdugo de profesión. Cuando éste los sorprende a ambos en la intimidad, los obliga a casarse. Ante la acuciante falta de medios económicos de los recién casados, Amadeo, que está a punto de jubilarse, logra convencer a José Luis para que solicite la plaza que él va a dejar vacante, lo que le daría derecho a una vivienda. Presionado por la familia, José Luis acepta la propuesta de su suegro, convencido de que jamás ejercerá tan ignominioso oficio.
650 #4 - PUNTO DE ACCESO ADICIONAL DE MATERIA--TÉRMINO DE MATERIA
Término de materia o nombre geográfico como elemento de entrada DRAMA
651 #4 - PUNTO DE ACCESO ADICIONAL DE MATERIA--NOMBRE GEOGRÁFICO
Nombre geográfico zz
653 ## - TÉRMINO DE INDIZACIÓN--NO CONTROLADO
Término no controlado CINE ESPAÑOL
653 ## - TÉRMINO DE INDIZACIÓN--NO CONTROLADO
Término no controlado POLICIAL
653 ## - TÉRMINO DE INDIZACIÓN--NO CONTROLADO
Término no controlado VIDEOS
700 1# - PUNTO DE ACCESO ADICIONAL--NOMBRE DE PERSONA
Nombre de persona García Berlanga, Luis
Término indicativo de función/relación dir.
905 ## - ELEMENTOS DE DATOS E LOCAL, LDE (RLIN)
a 37411
942 ## - ELEMENTOS DE PUNTO DE ACCESO ADICIONAL (KOHA)
Tipo de ítem Koha Video
Existencias
Estado de retiro Estado de pérdida Estado dañado No para préstamo Código de colección Localización permanente Ubicación/localización actual Fecha de adquisición Total de préstamos Signatura topográfica completa Código de barras Fecha visto por última vez Precio válido a partir de Tipo de ítem Koha
        Colección Cine Biblioteca Universidad Nacional de General Sarmiento Biblioteca Universidad Nacional de General Sarmiento 02/02/2021   302.54 245mue 00024565 02/02/2021 02/02/2021 Video
        Colección Cine Biblioteca Universidad Nacional de General Sarmiento Biblioteca Universidad Nacional de General Sarmiento 02/02/2021   302.54 245mue 00043416 02/02/2021 02/02/2021 Video
        Colección Cine Biblioteca Universidad Nacional de General Sarmiento Biblioteca Universidad Nacional de General Sarmiento 02/02/2021   302.54 245mue 00043417 02/02/2021 02/02/2021 Video
        Colección Cine Biblioteca Universidad Nacional de General Sarmiento Biblioteca Universidad Nacional de General Sarmiento 02/02/2021   302.54 245mue 00043418 02/02/2021 02/02/2021 Video